000 00496nam a2200181Ia 4500
005 20260429112226.0
008 260429s9999||||xx |||||||||||||| ||und||
020 _a9788119681365
041 _aEnglish
082 _a338.473621
_bAMU
100 _aAmutha, D.
245 0 _aPrinciples of health economics and policies /
_cD. Amutha
260 _aUttar Pradesh :
_bManglam Publications,
_c2025.
300 _axi, 306 p.; hb
650 _a Health services
650 _aEconomics
942 _cTB
999 _c52989
_d52989